आचार्य अत्रे झंझावात (Record no. 428741)

MARC details
000 -LEADER
fixed length control field 00512nam a2200145Ia 4500
008 - FIXED-LENGTH DATA ELEMENTS--GENERAL INFORMATION
fixed length control field 100122s9999 xx 000 0 und d
082 ## - DEWEY DECIMAL CLASSIFICATION NUMBER
Item number 51279
Classification number 81
100 ## - MAIN ENTRY--PERSONAL NAME
Personal name खाडिलकर नीलकंठ
245 ## - TITLE STATEMENT
Title आचार्य अत्रे झंझावात
260 ## - PUBLICATION, DISTRIBUTION, ETC. (IMPRINT)
Name of publisher, distributor, etc शलाका प्रकाशन
Date of publication, distribution, etc 1995
300 ## - PHYSICAL DESCRIPTION
Extent 74
630 ## - SUBJECT ADDED ENTRY--UNIFORM TITLE
Uniform title आचार्य अत्रे झंझावात
730 ## - ADDED ENTRY--UNIFORM TITLE
Uniform title आचार्य अत्रे झंझावात
942 ## - ADDED ENTRY ELEMENTS (KOHA)
Koha item type Book
Holdings
Withdrawn status Lost status Damaged status Not for loan Home library Current library Date acquired Cost, normal purchase price Total Checkouts Full call number Barcode Date last seen Cost, replacement price Price effective from Koha item type Public note
        S.V. Pathak Library, Vile Parle S.V. Pathak Library, Vile Parle 10/31/1995 25.00   51279 SVPPARLE-51279 01/25/2010 25.00 01/25/2010 Book Edited NA